| 000 | 00689nam a22002177a 4500 | ||
|---|---|---|---|
| 005 | 20150508163344.0 | ||
| 008 | 140714b xxu||||| |||| 00| 0 Urdu d | ||
| 010 | _aUR-8873 | ||
| 020 | _c200.00 | ||
| 035 | _aU-7428 | ||
| 037 | _bBPPD/Pub/Ven | ||
| 040 |
_aDPL _bUrdu |
||
| 082 | _a841 | ||
| 100 | _aسر ا ج د ھلو ی | ||
| 245 |
_aتعر يف ا س خد ا کی _cسر ا ج د ھلو ی |
||
| 246 |
_aTareef Us Khuda ki _bBy Siraj Dehlvi And O.P.Aggarwal |
||
| 260 |
_bGulistan Publications _c2012 _aKolkata |
||
| 270 |
_a67-Moulana Shoukat Ali Street, _bKolkata _k9831285325 _e700073 |
||
| 300 |
_a176ص _c22Cm (Hb) |
||
| 942 |
_2ddc _cUR _e _h841 _mس ر ا |
||
| 999 |
_c93447 _d93447 |
||